Statistics for Teams in the Tour de France since 2000

Click here to take the quiz!

General Stats

  • This quiz has been taken 446 times
  • The average score is 65 of 127

Answer Stats

YearTeam% Correct
2010Team Sky
94%
2007Astana
88%
2005Davitamon-Lotto
88%
2000Lotto-Adecco
88%
2012Lotto-Belisol
88%
2004Lotto-Domo
88%
2015Lotto-Soudal
88%
2010Omega Pharma-Lotto
88%
2007Predictor-Lotto
88%
2008Silence-Lotto
88%
2000Mapei-Quick Step
86%
2015Etixx-Quick Step
85%
2012Omega Pharma-Quick Step
85%
2008Quick Step
84%
2003Quick Step-Davitamon
84%
2005Quick Step-Innergetic
84%
2003FDJeux.com
83%
2011Movistar Team
82%
2008Ag2r-La Mondiale
81%
2000AG2R Prévoyance
81%
2010FDJ
81%
2012FDJ-BigMat
81%
2013FDJ.fr
81%
2000Cofidis
78%
2008CSC-Saxo Bank
74%
2013Saxo-Tinkoff
74%
2010BMC Racing Team
73%
2000Rabobank
73%
2015Cannondale-Garmin
72%
2011Liquigas-Cannondale
72%
2014Trek Factory Racing
72%
2000US Postal
72%
2008Lampre
71%
2005Lampre-Caffita
71%
2001Lampre-Daikin
71%
2010Lampre-Farnese
71%
2006Lampre-Fondital
71%
2011Lampre-ISD
71%
2014Lampre-Merida
71%
2009Lampre-NGC
71%
2011Team Europcar
70%
2001Euskaltel-Euskadi
66%
2009Garmin-Slipstream
65%
2011Saxo Bank-SunGard
65%
2012Saxo Bank-Tinkoff Bank
65%
2011Garmin-Cervelo
64%
2008Garmin-Chipotle-H30
64%
2012Garmin-Sharp
64%
2010Garmin-Transitions
64%
2005Discovery Channel
63%
2006Liquigas
61%
2005Liquigas-Bianchi
61%
2010Liquigas-Doimo
61%
2009Team Katusha
59%
2001CSC Tiscali
57%
2003Team CSC
55%
2012RadioShack-Nissan
53%
2004T-Mobile Team
53%
2013Cannondale
52%
2005Illes Balears-Caisse d´Epargne
52%
2013RadioShack-Leopard
52%
2010Team RadioShack
52%
2012Orica-GreenEDGE
51%
2009Team Columbia-HTC
51%
2010Team HTC-Columbia
51%
2000Crédit Agricole
49%
2000ONCE-Deutsche Bank
49%
2001ONCE-Eroski
49%
2015Bora-Argon 18
48%
2008Caisse d´Epargne
48%
2006Caisse d´Epargne-Illes Balears
48%
2014Giant-Shimano
48%
2000Festina
45%
2011Leopard Trek
45%
2015Giant-Alpecin
43%
2011HTC-Highroad
43%
2004Alessio-Bianchi
41%
2009Bbox Bouygues Télécom
41%
2004Illes Balears-Banesto
41%
2008Saunier Duval-Scott
41%
2000Team Telekom
41%
2000Banesto
40%
2003Bianchi
40%
2009Cervelo TestTeam
40%
2013Belkin Pro Cycling
39%
2003Gerolsteiner
39%
2004Phonak
38%
2012Argos-Shimano
37%
2009Skil-Shimano
37%
2005Bouygues Télécom
36%
2014IAM Cycling
36%
2005Saunier Duval-Prodir
35%
2000Kelme-Costa Blanca
33%
2015MTN-Qhubeka
32%
2000Saeco Macchine per Caffè
32%
2008Team Columbia
31%
2011Vacansoleil-DCM
31%
2001Domo-Farm Frites
29%
2001Fassa Bortolo
27%
2007Barloworld
26%
2014Bretagne-Séché Environnement
26%
2000Francaise des Jeux
26%
2001BigMat Auber 93
25%
2003Brioches la Boulanchère
25%
2006Team Milram
25%
2000Bonjour
24%
2004Liberty Seguros
24%
2005Liberty Seguros-Würth
24%
2006Agritubel
23%
2000Mercatone Uno-Albacom
23%
2011Saur-Sojasun
23%
2014NetApp-Endura
20%
2000Team Polti
19%
2002Alessio
18%
2001iBanesto.com
17%
2015LottoNL-Jumbo
17%
2013Sojasun
17%
2004Domina Vacanze
16%
2000Farm Frites
16%
2001Jean Delatour
16%
2009Team Saxo Bank
14%
2010Footon-Servetto-Fuji
13%
2004R.A.G.T. Semences-MG Rover
13%
2000Memory Card-Jack & Jones
12%
2000Vini-Caldirola-Sidermec
11%
2003Vini Caldirola-So.di
11%
2002Tacconi Sport
6%

Score Distribution

Percentile by Number Answered

Percent of People with Each Score

Your Score History

You have not taken this quiz